000 00679nam a2200277Ia 4500
005 20260324111618.0
008 008 260324s9999 xx 000 0 eng d
020 _a9781003591085
037 _aEBOOK
040 _aCRL
040 _beng
040 _cCRL
041 _2eng
041 _aeng
084 _qCRL
100 _aKishor Kumar Reddy C; Anindya Nag
_91139282
245 0 _aFederated Learning for Neural Disorders in Healthcare 6.0
260 _bTaylor and Francis
260 _c2025
365 _a
365 _b355
856 _uhttp://www.taylorfrancis.com/books/9781003591085
942 _cEBOOK
999 _c1728163
_d1728163